Agrárne služby na regionálnej úrovni v súčasnom trhovom prostredí

Zhodnotenie súčasného stavu výrobných podnikov a nevýrobných agrárnych služieb, ako aj využívanie nimi poskytovaných služieb v regióne okresov Michalovce a Sobrance. Najzávažnejšie problémy brániace lepšiemu využívaniu agrárnych služieb.

Salvato in:
Dettagli Bibliografici
Autore principale: Stričík, Michal, 1969-
Altri autori: Molčányiová, Slávka
Natura: Capitolo di libro
Lingua:slovacco
Soggetti:
Tags: Aggiungi Tag
Nessun Tag, puoi essere il primo ad aggiungerne!!

MARC

LEADER 00000naa$a2200000$$$4500
001 0093122
005 20240502072034.6
041 0 |a slo 
044 |a SK 
245 1 0 |a Agrárne služby na regionálnej úrovni v súčasnom trhovom prostredí  |c Michal Stričík, Slávka Molčányiová 
520 |a Zhodnotenie súčasného stavu výrobných podnikov a nevýrobných agrárnych služieb, ako aj využívanie nimi poskytovaných služieb v regióne okresov Michalovce a Sobrance. Najzávažnejšie problémy brániace lepšiemu využívaniu agrárnych služieb. 
610 2 0 |a služby poľnohospodárske 
610 2 0 |a prostredie podnikateľské 
610 2 0 |a regióny 
610 2 0 |a regióny poľnohospodárske výrobné 
610 2 0 |a Slovensko 
610 2 0 |a dotazníky 
100 1 |a Stričík, Michal, 1969- 
700 1 |a Molčányiová, Slávka